Profits et structures du capitalisme mondial

Sparad:
Bibliografiska uppgifter
Huvudupphovsman: Andreff, Wladimir
Materialtyp: Bok
Språk:Undetermined
Publicerad: Paris Calmann Le1vy 1976
Ämnen:
Taggar: Lägg till en tagg
Inga taggar, Lägg till första taggen!
Thư viện lưu trữ: Trung tâm Học liệu Trường Đại học Cần Thơ
LEADER 00475nam a2200181Ia 4500
001 CTU_86157
008 210402s9999 xx 000 0 und d
082 |a 330 
082 |b A555 
100 |a Andreff, Wladimir 
245 0 |a Profits et structures du capitalisme mondial 
245 0 |c Wladimir Andreff 
260 |a Paris 
260 |b Calmann Le1vy 
260 |c 1976 
650 |a Capitalism 
904 |i Năm 
980 |a Trung tâm Học liệu Trường Đại học Cần Thơ